000 00474nam a2200169Ia 4500
003 GCL
008 140319s9999 xx 000 0 eng d
040 _aGCL /
_cGCL
082 0 4 _a658.4038
_bB F
100 1 _aBEST, DAVID
245 1 0 _aTHE FAITH RESOURCE: INFORMATION AND ITS MANAGEMENT /
_cBEST, DAVID
260 _a[S.N] :
_bASLIB GAWER ،
_c1996
300 _a166 P
650 0 4 _aMANAGEMENT - INFORMATION SYSTEM
650 0 4 _aINFORMATION TECHNOLOGY
942 _2ddc
_cBK
999 _c15729
_d15729